Cliquez sur les départements avec une carte vierge - Statistiques

Statistiques générales
  • Ce quiz a été pris 1 233 fois
  • Le résultat moyen est 50 sur 91
Réponses sur la Carte
Les réponses sont colorées sur une échelle allant du rouge au vert en fonction du pourcentage des utilisateurs qui les ont devinées à leur premier essai. Vous pouvez retrouver ces pourcentages ci-dessous.
 
Statistiques - réponses
Réponse % Correct
Landes
77%
Pyrénées-Atlantiques
75%
Haute-Savoie
71%
Haut-Rhin
71%
Nord
71%
Paris et Petite Couronne
68%
Alpes-Maritimes
67%
Finistère
66%
Val-d'Oise
66%
Vendée
66%
Ardennes
65%
Charente
65%
Bas-Rhin
64%
Hautes-Alpes
64%
Hautes-Pyrénées
64%
Vaucluse
64%
Oise
63%
Essonne
62%
Meurthe-et-Moselle
62%
Rhône
62%
Savoie
62%
Tarn-et-Garonne
62%
Territoire de Belfort
62%
Mayenne
61%
Yvelines
61%
Ille-et-Vilaine
60%
Jura
60%
Loire-Atlantique
60%
Morbihan
60%
Pas-de-Calais
60%
Pyrénées-Orientales
60%
Alpes-de-Haute-Provence
59%
Charente-Maritime
59%
Deux-Sèvres
59%
Hérault
59%
Somme
59%
Calvados
58%
Dordogne
57%
Saône-et-Loire
57%
Ardèche
56%
Indre-et-Loire
56%
Eure-et-Loir
55%
Moselle
55%
Bouches-du-Rhône
54%
Haute-Vienne
54%
Isère
54%
Seine-et-Marne
54%
Aube
53%
Côte-d'Or
53%
Creuse
53%
Doubs
53%
Lozère
53%
Meuse
53%
Nièvre
53%
Ain
51%
Gard
51%
Gironde
51%
Marne
51%
Drôme
50%
Loire
50%
Cantal
49%
Eure
49%
Lot
49%
Puy-de-Dôme
49%
Aisne
48%
Allier
48%
Ariège
48%
Gers
48%
Haute-Saône
48%
Seine-Maritime
47%
Vosges
47%
Yonne
47%
Aveyron
46%
Haute-Loire
46%
Lot-et-Garonne
46%
Tarn
46%
Var
46%
Loir-et-Cher
45%
Vienne
45%
Sarthe
44%
Corrèze
43%
Haute-Garonne
43%
Indre
43%
Loiret
43%
Orne
43%
Aude
42%
Manche
42%
Haute-Marne
40%
Cher
38%
Côtes-d'Armor
37%
Maine-et-Loire
34%
Aucun quiz correspondant
Distribution des résultats
% des personnes avec chaque résultat
Percentile par nombre de réponses
Votre historique - résultats
Vous n’avez pas pris ce quiz